UCR promueve gestión comunal del riesgo /

Na minha lista:
Detalhes bibliográficos
Autor principal: Marín González, Rocío
Formato: Texto
Tags: Adicionar Tag
Sem tags, seja o primeiro a adicionar uma tag!

MARC

LEADER 00000 a a2200000 04500
001 41340
003
040
100 |a Marín González, Rocío  
245 |a UCR promueve gestión comunal del riesgo /  |c Rocío Marín González  
773 |g páginas 4-5  
999 |c 28993  |d 28993